00491nam a2200193 a 4500001001300000003000900013005001700022008004100039020001000080082001900090100001800109245003700127260004100164300000900205500003500214505001300249650001700262700001800279nice12345678IN_TiNIC20260116012231.0050524s1961 hyda grp 000 0 urd  ac10000a297.1226bAHM1 aAhmad, Ghulam aDastur-E-State Madina, Qur`anism aHyderabadbIbrahimia Art Pressc1961 a307p aincludes index and biblioraphy2 aappendix aQuran-Origin1 aAhmad, Ghulam